Normal view
MARC view
- التعليم الذاتي-طرق التعلم-التعلم
Entry Topical Term
001 - CONTROL NUMBER
- control field: 42886
003 - CONTROL NUMBER IDENTIFIER
- control field: JO-AjAnu
005 - DATE AND TIME OF LATEST TRANSACTION
- control field: 20230606081119.0
008 - FIXED-LENGTH DATA ELEMENTS
- fixed length control field: 230606|| aca||aabn | a|a d
040 ## - CATALOGING SOURCE
- Original cataloging agency: JO-AjAnu
- Transcribing agency: JO-AjAnu
150 ## - HEADING--TOPICAL TERM
- Topical term or geographic name entry element: التعليم الذاتي-طرق التعلم-التعلم
670 ## - SOURCE DATA FOUND
- Source citation: Work cat.: (JO-AjAnu)21964: مبارز،منال عبد العال مؤلف/إسماعيل،سامح سعيد م.مشارك, author 42885, تفريد التعليم والتعلم الذاتي